Prethalokam / (Record no. 7222)
[ view plain ]
| 000 -LEADER | |
|---|---|
| fixed length control field | 00290cam a2200133ua 4500 |
| 041 ## - LANGUAGE CODE | |
| Language code of text/sound track or separate title | mal |
| 082 ## - DEWEY DECIMAL CLASSIFICATION NUMBER | |
| Classification number | 894.8122 |
| Item number | NNP/PR |
| 100 ## - MAIN ENTRY--AUTHOR NAME | |
| Personal name | N N Pillai, . |
| 245 ## - TITLE STATEMENT | |
| Title | Prethalokam / |
| 300 ## - PHYSICAL DESCRIPTION | |
| Number of Pages | 129 ; . |
| 942 ## - ADDED ENTRY ELEMENTS (KOHA) | |
| Koha item type | Books |
| Withdrawn status | Lost status | Damaged status | Home library | Current library | Date acquired | Full call number | Accession Number | Koha item type |
|---|---|---|---|---|---|---|---|---|
| KAUAET | KAUAET | 07/04/2012 | 894.8122 | 12698 | Books |
